Výživa dojčiat a detí v predškolskom vedku /
Uložené v:
| Hlavný autor: | |
|---|---|
| Médium: | Kniha |
| Jazyk: | Slovak |
| Vydané: |
Bratislava :
Slovenský ústav zdravotníckej osvety,
1961.
|
| Vydanie: | 1. vyd. |
| Edícia: | Rady rodičom a vychovávateľom
zv. 17 |
| ISBN: |
(brož.) |
| Fyzický popis: |
47 s. |
| Tagy: |
Pridať tag
Žiadne tagy, Buďte prvý kto otaguje tento záznam!
|
Titul je dostupný aj v ... 

MARC
| LEADER | 00000nam a22000004a 4500 | ||
|---|---|---|---|
| 001 | 000427421 | ||
| 005 | 20130714150346.0 | ||
| 008 | 130714s1961 xo e 000 0 slo d | ||
| 020 | |a (brož.) | ||
| 040 | |a SVKKK |b slo |c SVKKK |e AACR2 | ||
| 041 | 0 | |a slo | |
| 044 | |a xo |c SK | ||
| 100 | 1 | |a Šipková-Dutková, Gabriela |4 aut | |
| 245 | 1 | 0 | |a Výživa dojčiat a detí v predškolskom vedku / |c Gabriela Šipková-Dutková. |
| 250 | |a 1. vyd. | ||
| 260 | |a Bratislava : |b Slovenský ústav zdravotníckej osvety, |c 1961. | ||
| 300 | |a 47 s. | ||
| 490 | 1 | |a Rady rodičom a vychovávateľom |v zv. 17 | |
| 830 | 0 | |a Rady rodičom a vychovávateľom |v zv. 17 | |
| 910 | |a svkkk | ||
| 998 | |a BK | ||
| 090 | |g SCKHL |k Sklad Hlavná 10 suterén |a I.20926 |j 281148 |i 2720423239 |s Absenčne | ||
| 090 | |g SCKHL |k Sklad Pribinova prízemie |a I.16394 |j 286197 |i 2720388284 |s Absenčne | ||